000
00260nam a22000977a 4500
008
180131b ||||| |||| 00| 0 eng d
020
_a
9789354860546
100
_a
Dickens, C
_9
5658
245
_a
A tale of two cities
260
_a
England
_b
Pearson education lmtd
_c
2021
999
_c
9442
_d
9442